| 000 | 00599nam a2200169 a 4500 | ||
|---|---|---|---|
| 005 | 20210223123206.0 | ||
| 008 | 991125s1970 ea 000 0 spa u | ||
| 035 | _aUPN01000048887 | ||
| 049 | _aCG | ||
| 050 | 4 |
_aLC5219 _bM4.6 |
|
| 100 | 1 | _aMendoza N., Alejandro | |
| 245 | 1 | 0 |
_aPropuesta sobre diseño curricular aplicado a programas de educación no formal para el trabajo : _bdocumento preliminar / _cAlejandro Mendoza N. |
| 260 |
_a[New York] : _bCEDEFT: _bO.E.A., _c[197-?]. |
||
| 300 | _a187 p. | ||
| 650 | 4 |
_aEDUCACION NO FORMAL - _zAMERICA LATINA - _vPLANES Y PROGRAMAS _917008 |
|
| 905 | _aLibro | ||
| 999 |
_c48887 _d48887 |
||